|
|
|
|
| LEADER |
00000cam a2200000 a 4500 |
| 001 |
UCE8613 |
| 003 |
CL-VaPUC |
| 008 |
150820e20120000sp |||||||||||||||||spa|d |
| 020 |
|
|
|a 9788499212708
|
| 082 |
0 |
4 |
|a 379.1
|b HAR
|2 21
|
| 100 |
|
|
|a Hargreaves, Andy
|9 856829
|
| 700 |
0 |
|
|a Shirley, Dennis
|e author
|9 581336
|
| 245 |
1 |
3 |
|a La cuarta vía: el prometedor futuro del cambio educativo
|
| 250 |
|
|
|a 1a. ed
|
| 300 |
|
|
|a 179 p
|
| 942 |
|
|
|c BK
|
| 945 |
|
|
|d 20150820 22:36:00
|a dcastane
|
| 260 |
|
|
|a Barcelona
|b Octaedro
|c 2012
|
| 650 |
|
7 |
|a REFORMA EDUCACIONAL ESPAÑOLA
|2 CL-VaPUC
|9 564453
|
| 650 |
|
0 |
|a Calidad de vida
|9 322944
|
| 650 |
|
0 |
|a Estado y educación
|9 311264
|
| 583 |
|
|
|a last modification
|c 20160426 05:12:44
|k Rodrigo Vera
|
| 999 |
|
|
|c 360410
|d 360408
|
| 952 |
|
|
|0 0
|1 0
|3 erb
|4 0
|6 379_100000000000000_HAR_2012
|7 0
|8 A
|9 470209
|a FDOPOS
|b FDOPOS
|i 5194679
|o 379.1 HAR 2012
|p 5194679
|r 2025-01-22
|w 2019-11-23
|y BK
|z Catalogado en:20150820
|k MED
|
| 952 |
|
|
|0 0
|1 0
|3 erb
|4 0
|6 379_100000000000000_HAR_2012
|7 0
|8 A
|9 470210
|a FDOPOS
|b FDOPOS
|i 5194687
|o 379.1 HAR 2012
|p 5194687
|r 2025-01-22
|w 2019-11-23
|y BK
|z Catalogado en:20150820
|k MED
|